=LDR 00000nam 2200000 4500 =001 INLIS000000000048414 =005 20161029120446.0 =006 =007 =008 =035 ##$$0010-101600000000172 =100 ##$$a Miftah, Faridl =245 ##$$a Pengantar Super Islam =250 ##$$a Cet. I =260 ##$$c 2012 =300 ##$$a 169hlm $c ilus =850 ##$$a NBPDMAT =990 ##$$a 0001/BPAP-NTB/2016